01200nam a2200337Ia 450000500170000000800410001702000340005802000300009204100080012210000300013024501050016025000180026530000250028349000470030853400560035565000370041165000410044865000350048965000350052465000320055965100530059170000280064494200150067226400260068733600270071333700330074033800280077304000350080108400110083699900150084720220317001734.0170328s2015 s g 000 f s  a9788420600000 (Obra completa) a9788420653648 (volumen 7) aspa1 aProust, Marceld1871-192210aEn busca del tiempo perdido, 7bel tiempo recobradocMarcel Proust ; traducción de Consuelo Berges a3a. edición a462 páginasc18 cm aEl libro de bolsillo : biblioteca de autor tÀ la recherche du temps perdu: Sodome et Gomorrhe142LEMBaNovela francesaySiglo XIX142LEMBaLiteratura francesaySiglo XIX142LEMBaMemoria en la literatura142LEMBaTiempo en la literatura 142LEMBaArte en la literatura 4aFranciavNovelaxVida social y costumbres9898651 aBerges, Consuelo989866 2loccBKLIT aMadridbAlianzac2015 atextobtxt2rdacontent asin mediaciónbn2rdamedia avolumenbnc2rdacarrier aCO-BoRNBPbspaerdacCO-BoRNBP aN PRO1 c7922d7922